Photo Quiz: Guest Musicians on Morecambe & Wise (60's/70's) - Statistics

General Stats
  • This quiz has been taken 151 times
  • The average score is 11 of 25
Answer Stats
Picture Answer % Correct
Tom Jones
96%
Elton John
93%
Lulu
84%
Cilla Black
74%
Acker Bilk
63%
Shirley Bassey
57%
Gilbert O'Sullivan
56%
Vera Lynn
56%
Des O'Connor
55%
Dusty Springfield
54%
Mary Hopkin
54%
Andre Previn
53%
Lena Zavaroni
38%
Nana Mouskouri
33%
Sacha Distel
32%
Matt Monro
28%
Kiki Dee
27%
Georgie Fame
26%
Helen Reddy
22%
Frankie Vaughan
18%
Paul Anka
13%
Alan Price
12%
Vicki Carr
12%
Ronnie Carroll
10%
Ray Stevens
8%
No matching quizzes found
Score Distribution
Percent of People with Each Score
Percentile by Number Answered
Your Score History
You have not taken this quiz